One Dimensional Core/Shell Chalcogenide Nanostructures for Nanowire Solar Cells / (Record no. 527876)
[ view plain ]
| 000 -LEADER | |
|---|---|
| fixed length control field | 00625nam a22001697a 4500 |
| 020 ## - INTERNATIONAL STANDARD BOOK NUMBER | |
| Qualifying information | Hard Cover. |
| 082 ## - DEWEY DECIMAL CLASSIFICATION NUMBER | |
| Classification number | 620.44 |
| 100 ## - MAIN ENTRY--PERSONAL NAME | |
| Personal name | Aftab, Muhammad Akram |
| 245 ## - TITLE STATEMENT | |
| Title | One Dimensional Core/Shell Chalcogenide Nanostructures for Nanowire Solar Cells / |
| Statement of responsibility, etc. | Muhammad Aftab Akram. |
| 260 ## - PUBLICATION, DISTRIBUTION, ETC. | |
| Place of publication, distribution, etc. | Islamabad: |
| Name of publisher, distributor, etc. | SCME - NUST, |
| Date of publication, distribution, etc. | 2017. |
| 300 ## - PHYSICAL DESCRIPTION | |
| Extent | xvi, 103 p. : ill. ; |
| Dimensions | 30cm. |
| 650 ## - SUBJECT ADDED ENTRY--TOPICAL TERM | |
| Topical term or geographic name entry element | PhD-Materials Engineering |
| 700 ## - ADDED ENTRY--PERSONAL NAME | |
| Personal name | Supervisor:Dr. Muhammad Mujahid. |
| 856 ## - Uniform Resource Identifier | |
| Uniform Resource Identifier | <a href=" http://10.250.8.41:8080/xmlui/handle/123456789/26649"> http://10.250.8.41:8080/xmlui/handle/123456789/26649</a> |
| 942 ## - ADDED ENTRY ELEMENTS (KOHA) | |
| Source of classification or shelving scheme | |
| Koha item type | Thesis |
| 650 ## - SUBJECT ADDED ENTRY--TOPICAL TERM | |
| -- | 123162 |
| 700 ## - ADDED ENTRY--PERSONAL NAME | |
| -- | 123496 |
| Withdrawn status | Lost status | Source of classification or shelving scheme | Damaged status | Not for loan | Permanent Location | Current Location | Shelving location | Date acquired | Full call number | Barcode | Date last seen | Price effective from | Koha item type |
|---|---|---|---|---|---|---|---|---|---|---|---|---|---|
| Central Library (CL) | Central Library (CL) | Thesis | 08/20/2019 | 200 | CLPT-514 | 08/20/2019 | 08/20/2019 | Thesis |
